Jura Allgemeinwissen Quiz - Statistiken

Allgemein
  • Dieses Quiz wurde 262 mal gespielt
    246 seit der letzten Aktualisierung
  • Das Durchschnittsergebnis liegt bei 13 aus 15
Antwortstatistiken
Frage Antwort % Korrekt
Ab welchem Alter ist man in Deutschland unbeschränkt geschäftsfähig? 18
97%
Ab welchem Alter ist man in Deutschland strafmündig? 14
96%
Wie nennt man die gesetzgebende Gewalt in einem Staat? Legislative
95%
Wie nennt man die rechtsprechende Gewalt? Judikative
93%
Wofür steht die Abkürzung BGB? Bürgerliches Gesetzbuch
92%
Wie nennt man die ausführende bzw. vollziehende Gewalt in einem Staat? Exekutive
92%
In welchem Gesetzbuch sind Delikte wie Diebstahl, Betrug oder Körperverletzung geregelt? Strafgesetzbuch
92%
Wie lautet Artikel 1 des Grundgesetzes der Bundesrepublik Deutschland? Die Würde des Menschen ist unantastbar
89%
Wo befindet sich dieses? Karlsruhe
89%
Aus wie vielen Büchern (Teilen) besteht das BGB? 5
85%
Wie nennt man das juristische Konstrukt, das durch zwei übereinstimmende Willenserklärungen (Angebot und Annahme) zustande kommt? Vertrag
84%
Wie heißt das höchste Gericht der Bundesrepublik Deutschland? Bundesverfassungsgericht
83%
Wie nennt man es juristisch, wenn jemand "wissentlich und willentlich" handelt? Vorsatz
83%
Wie nennt man es juristisch, wenn jemand die "im Verkehr erforderliche Sorgfalt" außer Acht lässt? Fahrlässigkeit
80%
Wie nennt man die Verteidigung, die erforderlich ist um einen gegenwärtigen rechtswidrigen Angriff von sich oder einem anderen abzuwenden? Notwehr
78%
Keine übereinstimmenden Quizze gefunden
Verteilung der Resultate
Anzahl Personen mit jedem Resultat
Perzentil nach korrekt beantworteten Fragen
Ihre Resultats-Entwicklung
Sie haben dieses Quiz seit der letzten Aktualisierung nicht gespielt